000 00637nam a22002055i 4500
001 152006
003 ES-MaACL
005 20250804062748.0
008 990212s1868 fr |||| | fre d
040 _aCCPB | B
_bspa
_cCCPB | B
100 1 _aBersot, Ernest.
_928415
245 1 0 _aLibre philosophie /
_cpar Ernest Bersot.
260 _aParis :
_bGermer Baillière, Libraire-éditeur,
_c1868.
300 _aXI, 168 p. ;
_c19 cm.
597 _aAntep.
597 _aSignaturizado.
650 7 _aFilosofía
_2embne
_912802
852 _aES-MaACL
_jF-12116
_z-- Enc. hol.
_x-- Completar T260: (E. Martinet)
999 _c152006
_d152006